A Föld kicsi
Elmentve itt :
| Szerző: | |
|---|---|
| Adatforrás: | Meister |
| Forrásdokumentuma: | A Hét. - 5 sz., 1991, 1 p. |
| Nyelv: | magyar |
| Kulcsszavak: | politikai publicisztika fegyverkereskedelem |
| LEADER | 00346nab a2200133 i 4500 | ||
|---|---|---|---|
| 001 | bibPRO00006256 | ||
| 008 | 060524s1991 xx hun | ||
| 040 | |a Sz1 | ||
| 041 | |a hun | ||
| 100 | 1 | |a GÁLFALVI Zsolt | |
| 245 | 1 | 2 | |a A Föld kicsi |c GÁLFALVI Zsolt |
| 695 | |a politikai publicisztika | ||
| 695 | |a fegyverkereskedelem | ||
| 773 | 0 | |t A Hét. - |g 5 sz., 1991, 1 p. | |